2010s-Present NHL all star game MVPs - Statistics

General Stats
  • This quiz has been taken 20 times
  • The average score is 5 of 15
Answer Stats
Hint Answer % Correct
2019 Crosby
94%
2024 Matthews
72%
2016 scott
56%
2022 Giroux
33%
2020 Pastrnak
33%
2023 Tkachuk
33%
2011 Sharp
28%
2017 Simmonds
28%
2018 Boeser
17%
2010 None
17%
2013 none
17%
2014 none
17%
2021 None/Covid
17%
2012 Gaborik
6%
2015 Johansen
6%
No matching quizzes found
Score Distribution
Percent of People with Each Score
Percentile by Number Answered
Your Score History
You have not taken this quiz